5HLuxD.jpg

KING HENRY VIII SENIOR AND PRIMARY SCHOOL LIBRARY OPAC

Girls like us / (Record no. 4594)

000 -LEADER
fixed length control field 01507nam a2200325 i 4500
001 - CONTROL NUMBER
control field on1064996236
003 - CONTROL NUMBER IDENTIFIER
control field OCoLC
005 - DATE AND TIME OF LATEST TRANSACTION
control field 20250304111831.0
008 - FIXED-LENGTH DATA ELEMENTS--GENERAL INFORMATION
fixed length control field 200107s2019 nyu d 000 f eng d
020 ## - INTERNATIONAL STANDARD BOOK NUMBER
International Standard Book Number 9781250155856
040 ## - CATALOGING SOURCE
Original cataloging agency DLC
Language of cataloging eng
Description conventions rda
Transcribing agency DLC
Modifying agency RNL
-- OMN
-- KMS
-- TCH
-- CaOL
-- KH8
082 ## - DEWEY DECIMAL CLASSIFICATION NUMBER
Classification number FIC PIN
100 1# - MAIN ENTRY--PERSONAL NAME
Personal name Pink, Randi,
Relator term author.
245 10 - TITLE STATEMENT
Title Girls like us /
Statement of responsibility, etc. Randi Pink.
264 #1 - PRODUCTION, PUBLICATION, DISTRIBUTION, MANUFACTURE, AND COPYRIGHT NOTICE
Place of production, publication, distribution, manufacture New York :
Name of producer, publisher, distributor, manufacturer Feiwel and Friends,
Date of production, publication, distribution, manufacture, or copyright notice [2019]
300 ## - PHYSICAL DESCRIPTION
Extent 310 pages ;
Dimensions 22 cm.
336 ## - CONTENT TYPE
Content type term text
Content type code txt
Source rdacontent.
337 ## - MEDIA TYPE
Media type term unmediated
Media type code n
Source rdamedia.
338 ## - CARRIER TYPE
Carrier type term volume
Carrier type code nc
Source rdacarrier.
520 ## - SUMMARY, ETC.
Summary, etc. Four teenage girls. Four different stories. What they all have in common is that they're dealing with unplanned pregnancies. In rural Georgia, Izella is wise beyond her years, but burdened with the responsibility of her older sister, Ola, who has found out she's pregnant. Their young neighbor, Missippi, is also pregnant, but doesn't fully understand the extent of her predicament. When her father sends her to Chicago to give birth, she meets the final narrator, Susan, who is white and the daughter of an anti-choice senator.
650 #0 - SUBJECT ADDED ENTRY--TOPICAL TERM
Topical term or geographic name entry element Unplanned pregnancy
Form subdivision Fiction.
650 #0 - SUBJECT ADDED ENTRY--TOPICAL TERM
Topical term or geographic name entry element Teenage girls
Form subdivision Fiction.
650 #0 - SUBJECT ADDED ENTRY--TOPICAL TERM
Topical term or geographic name entry element Single-parent families
Form subdivision Fiction.
650 #0 - SUBJECT ADDED ENTRY--TOPICAL TERM
Topical term or geographic name entry element Sisters
Form subdivision Fiction.
650 #0 - SUBJECT ADDED ENTRY--TOPICAL TERM
Topical term or geographic name entry element Historical fiction.
Source of heading or term genre.
651 #0 - SUBJECT ADDED ENTRY--GEOGRAPHIC NAME
Geographic name Georgia
Form subdivision Fiction.
651 #0 - SUBJECT ADDED ENTRY--GEOGRAPHIC NAME
Geographic name Chicago (Ill.)
Form subdivision Fiction.
651 #0 - SUBJECT ADDED ENTRY--GEOGRAPHIC NAME
Geographic name United States
General subdivision History
Chronological subdivision 1969-
Form subdivision Fiction.
942 ## - ADDED ENTRY ELEMENTS (KOHA)
Source of classification or shelving scheme
Koha item type Books - Fiction
Holdings
Withdrawn status Lost status Source of classification or shelving scheme Damaged status Not for loan Collection code Permanent Location Current Location Shelving location Date acquired Total Checkouts Full call number Barcode Date last seen Date last checked out Price effective from Koha item type
          Fiction KH8 Senior School Library KH8 Senior School Library Fiction 2025-03-04 1 FIC PIN 3KHSL000102235 2025-05-19 2025-04-24 2025-03-04 Books - Fiction

Powered By KH8 IT Dept